Star Trek: TNG Crew Quiz Stats

 Plays Quiz Updated Nov 14, 2018

Support Sporcle.
Go Orange.
Score 0/12 Timer 05:00
5 Plays Today
Hint Hint % Correct
CaptainJean-Luc Picard
98%
Operations OfficerData
90.9%
Security ChiefWorf
88.2%
First OfficerWilliam T. Riker
85.7%
EnsignWesley Crusher
84%
Chief Medical OfficerDr. Beverly Crusher
83.7%
CounselorDeanna Troi
82.5%
Chief EngineerGeordi La Forge
81.9%
Transport ChiefMiles O'Brien
64.4%
Chief of SecurityNatasha Yar
60.6%
Lounge HostessGuinan
59.5%
Chief Medical OfficerKatherine Pulaski
37.5%

From the Vault

NFL Starting QBs During Eli's Streak (NFC)

by flibbidy

Sports 20m
Hats off to Eli for 210 starts without a break.
Remove Ads.
Support Sporcle.
Get the best of Sporcle when you Go Orange. This ad-free experience offers more features, more stats, and more fun while also helping to support Sporcle. Thank you for becoming a member.

Show Comments

Extras

Top Quizzes Today


Score Distribution

Your Account Isn't Verified!

In order to create a playlist on Sporcle, you need to verify the email address you used during registration. Go to your Sporcle Settings to finish the process.

Report this User

Report this user for behavior that violates our Community Guidelines.

Details: